000 00438nam a22001697a 4500
003 NUST - PNEC
005 20170116181153.0
008 151208b xxu||||| |||| 00| 0 eng d
020 _a0195771257
040 _cLIBRARY
082 _a301.4529 ALI
100 _915618
_aMeer Hasan Ali
245 _aObservations on the Mussulmauns of India,
_cMeer Hasan Ali
260 _cc1917.
650 _915619
_aIndia
_xGeneral
942 _2ddc
_cBK
999 _c71053
_d71053